00939cam a2200277 a 45000010008000000030005000080050017000130080041000300100017000710200015000880400018001030430012001210500023001330820017001561000052001732450102002252600065003273000021003924900023004136500051004366500024004876500021005116500044005326510022005767000063005984895421Nust20170123100538.0930518s1991 enk 000 1 eng  a 93155272  a1853260037 aDLCcDLCdDLC ae-uk-en00aPR4453.C4bA6 199100a823.912bCHE1 aChesterton, G. K.q(Gilbert Keith),d1874-1936.14aThe complete Father Brown stories /cG.K. Chesterton ; selected and introduced by H.R.F. Keating. a[London] :bJ.M. Dent ;aRutland, Vt. :bC.E. Tuttle,c1992. a277 p. ;c20 cm.0 aEveryman's library 0aBrown, Father (Fictitious character)xFiction. 0aCatholicsvFiction. 0aClergyvFiction. 0aDetective and mystery stories, English. 0aEnglandxFiction.1 aKeating, H. R. F.q(Henry Reymond Fitzwalter),d1926-2011.